European Food - Sudden Death - Statistics

General Stats
  • This quiz has been taken 391 times
  • The average score is 7 of 16
Answers on the Grid
Answers color-coded by a green-red scale on the quiz's grid according to % correct below.
Borscht
Potjiekos
Menudo
Cassoulet
Bruschetta
Fondue
Hot chicken
Pajeon
Dim sum
Paella
Quesadilla
Moules-frites
Tartiflette
Greek salad
Brown stew chicken
Mocotó
Kokotxas / Cocochas
Bifana
Lakror
Pavlova
Goulash
Fårikål
Tagine
Ndolé
Beef Wellington
Tourtière
Lasagna bolognese
Bryndzové halušky
 
Answer Stats
Answer % Correct
Paella
66%
Fondue
63%
Goulash
63%
Lasagna bolognese
63%
Bruschetta
61%
Greek salad
61%
Moules-frites
56%
Borscht
54%
Beef Wellington
47%
Cassoulet
35%
Bryndzové halušky
30%
Tartiflette
23%
Fårikål
21%
Kokotxas / Cocochas
8%
Bifana
4%
Lakror
3%
No matching quizzes found
Score Distribution
Percent of People with Each Score
Percentile by Number Answered
Your Score History
You have not taken this quiz